00642nam a22001577a 4500999001900000020001600019082000800035100001800043245013900061260003800200300002900238942001300267650004300280700004000323952012100363 c534911d534911 qHard Cover. a621 aHassan,Arslan aDesign, FEM Modeling and Optimization of MEMS based Wideband Vibrational Energy Harvester for Low Power Applications /cHASSAN ARSLAN. aIslamabad :bCEME - NUST,c2018. ax, 59 p. : ill. ;c30cm. 2ddccTHE aMS Thesis Mechanics Engineering929327 aDr. Muhammad Mubasher Saleem917349 00102ddc406621_000000000000000709497179aCLbCLcTHEd2020-08-11l0o621pCL-T-287r2020-08-11w2020-08-11yTHE